000 00562nam a22001817a 4500
005 20251108170856.0
008 250721s1986 xx 000 0 ara d
082 1 4 _a214.2/ريا
100 1 _aالعبد الله، رياض مصطفى
245 1 0 _aإعترافات مثيرة تؤكد وجود هذه الظاهرة المسكونون بالشيطان /
250 _aط2
264 1 _aدمشق :
_bدار الكتاب العربي،
_c1986.
300 _a128ص
650 1 7 _aالجن
650 1 7 _aالشيطان
942 _2ddc
_cBK
999 _c51089
_d51089